000 00868cab a2200253 4500
001 WB3425-10
008 090401t1998 xxu||||| |||| 00| 0 eng d
035 _a(Sirsi) u87092
041 _aeng
245 _aDefects guarantee
260 _c1998
350 _a0
490 _aAllied Surveyors Scotland Press Release
_v25 June 1998, (3)
520 _aAllied Surveyors Scotland plc has launched a defects guarantee for house owners for the first time. The certificate will provide for essential repairs and remedial work at no cost if any problems arise after the house is surveyed by an `Allied` surveyor.
650 _aBUILDING DEFECTS
650 _aBUILDING SURVEYS
650 _aGUARANTEE
650 _aHOME OWNERS
650 _aREPAIRS
650 _aSCOTLAND
690 _aBUILT ENVIRONMENT-BUILDING INSPECTION
942 _n0
948 _c30/06/1998
999 _c54882
_d54882